000
00211nam a22000857a 4500
008
170228b xxu||||| |||| 00| 0 eng d
100
_9
2942
_a
Bhatat
245
_a
Dr. Bheem raw Ambedkar
260
_a
New Delhi
_b
RPB
_c
2007
999
_c
6184
_d
6184